| 000 | 00809cam a22002417a 4500 | ||
|---|---|---|---|
| 005 | 20160127154352.0 | ||
| 008 | 020812s2000 enka b i000 0 eng | ||
| 020 | _a2831704898 | ||
| 040 |
_aDLC _cDLC _dDLC _dCO-BoIAVH |
||
| 041 | 0 | _aspa | |
| 044 | _aenk | ||
| 082 | 0 | 4 |
_a333.956 _bD31n |
| 100 | 1 | _aDeere, Carolyn. | |
| 245 | 1 | 0 |
_aNet gains : _blinking fisheries management, international trade, and sustainable development / _cCarolyn Deere. |
| 260 |
_aCambridge : _bIUCN, _cc2000. |
||
| 300 |
_a94 páginas : _bilustraciones ; _c30 x 21 cm. |
||
| 500 | _aTítulo de portada. | ||
| 504 | _aIncluye referencias bibliográficas (páginas 78-88). | ||
| 650 | 6 |
_aFondos de pesca. _xManejo |
|
| 650 | 6 | _aComercio internacional | |
| 650 | 4 | _aPesca sostenible. | |
| 942 |
_2ddc _cLIBRO |
||
| 999 |
_c2076 _d2076 |
||